ბათუმის შოთა რუსთაველის სახელმწიფო უნივერსიტეტის ბიბლიოთეკა

Двери:путешествие наивного и руссофоба в Россию (ბიბ.ჩანაწერი № 43253)

000 -LEADER
fixed length control field 00746nam a2200217Ia 4500
001 - CONTROL NUMBER
control field 9980
003 - CONTROL NUMBER IDENTIFIER
control field GE_BSU
008 - FIXED-LENGTH DATA ELEMENTS--GENERAL INFORMATION
fixed length control field 181216s||||||||xx |||||||||||||| ||und||
020 ## - INTERNATIONAL STANDARD BOOK NUMBER
International Standard Book Number 9789941444104
040 ## - CATALOGING SOURCE
Transcribing agency GE_BSU
080 ## - UNIVERSAL DECIMAL CLASSIFICATION NUMBER
Universal Decimal Classification number 910.4(470)+32(47)+908(470)+323.12(=91.71)
100 ## - MAIN ENTRY--PERSONAL NAME
Personal name Кашия,Джанри
245 ## - TITLE STATEMENT
Title Двери:путешествие наивного и руссофоба в Россию
245 ## - TITLE STATEMENT
Statement of responsibility, etc. Ред.Г. Леквеишвиши
260 ## - PUBLICATION, DISTRIBUTION, ETC.
Place of publication, distribution, etc. Тбилиси
260 ## - PUBLICATION, DISTRIBUTION, ETC.
Name of publisher, distributor, etc. Грузисчкий биографический центр
260 ## - PUBLICATION, DISTRIBUTION, ETC.
Date of publication, distribution, etc. 2013
300 ## - PHYSICAL DESCRIPTION
Extent 336стр.фото.20см.
653 ## - INDEX TERM--UNCONTROLLED
Uncontrolled term Двери:путешествие наивного и руссофоба в Россию
942 ## - ADDED ENTRY ELEMENTS (KOHA)
Koha item type წიგნი
ეგზემპლარები
Withdrawn status Lost status Damaged status Not for loan Date acquired Barcode Date last seen Price effective from Koha item type
        2018-12-17 33287 2018-12-17 2018-12-17 წიგნი
        2018-12-17 33288 2018-12-17 2018-12-17 წიგნი